AP Fill-In-The-Blank Brainrot - Statistics

General Stats
  • This quiz has been taken 116 times
  • The average score is 17 of 50
Answer Stats
Hint Answer % Correct
Ice Spice got that _____ Gyatt
85%
W's in the ____ Chat
84%
Erm, what the _____? Sigma
84%
You gotta give 'em that hawk tuah and ____ __ ____ _____ Spit on that thing
83%
You're so Skibidi, you're so _____ ___ Fanum tax
74%
If she don't hawk tuah I don't wanna ____ ____ Talk tuah
71%
I gotta ____ __ (Focus) Lock in
70%
Fire in the ____ Hole
69%
Just gimme my _____ Money
69%
Mythical FYP ____ Pull
66%
Kumalala Kumalala Kumala _______ Savesta
65%
I woke up in a new _______ Bugatti
62%
She said she was ______ Twelve
62%
We can go gyatt4gyatt, we can go _________ Rizz4rizz
59%
We bring the ____, we bring the ____ to you Boom
50%
I wanna take a pic with Cardi B inside my ________ Cardigan
48%
We must celebrate our ___________ Differences
41%
___ __ lil bro, I'mma be there in 5 Oil up
41%
Boy, it's just _______ Alcohol
38%
I see who you are, you are my _____ Enemy
37%
I did my dance one time on TikTok and went _____ ____ __ Viral with it
35%
My brother taught me how to _____ ___ ___ Chase the bag
31%
Sigma meals! _______ _______! Skibidi slicers
31%
Baby you got something in ____ ____ Your nose
30%
We got _____ boys, we got _____ Prime
29%
"I think sometime in the life, I'm too ___________" -Mbappe Competitive
28%
Waiter! Waiter! One _____ please! Ratio
27%
Each sold separately ahh ______ Dreads
26%
_____, _____ go away Drake
23%
The ________ needs to be studied Falloff
21%
Nonchalant dreadhead, stop _______ ____ ______ Shaking your dreads
20%
I done did the __________, go, go, go, go Impossible
19%
Skibidi Toilet will be mine, yeah, ____ ____, yeah Ohio Town
19%
I need a ______, a ______ is what I need Dollar
17%
Hold up!! His writing __ ____ ____??? Is this fire
16%
To the sigmas of _________ Australia
13%
Mr. Jackson was a _____ ___ Great guy
13%
Level 5 _____ ____ Gyatt rizz
13%
Hi Doctor, what is this? Please tell me. Hi, ___________ Paracetamol
12%
Boi what you say about _____??? Phonk
12%
It's just a _____ ____ and it cannot be that bad Sussy baka
9%
I'm not shaped like a ______ _____ Ferris wheel
8%
Skibidi sigma Pomni digital ________ ______ Fortnite chamba
6%
Are you a jittleyang or a ______________? Fuhuhluhtoogan
6%
No more Eli, it's time to ______ ___ ____ Encage the hawk
5%
Bro's sorry, bro's ____________ Sorrymaxxing
3%
Are you joking? You said your phone ___ _____ ____ Was taken away
3%
Oh my gyatt, _______ ________ Playing Fortnite
2%
"Remember when memes ____ __ ____ _____?" -Ray Used to make sense
2%
"It's giving ________, I'm sorry" -Envy Jealousy
1%
No matching quizzes found
Score Distribution
Percent of People with Each Score
Percentile by Number Answered
Your Score History
You have not taken this quiz